Estadísticas para Capitales de Asia

Haz click aquí para intentar la prueba.

Estadísticas generales

  • Esta prueba ha sido intentada 45 veces
  • La puntuación promedio es 36 de 46

Estadísticas de respuestas

CapitalPaís% Correcto
SingapurSingapur
100%
ManilaFilipinas
93%
PekinChina
85%
TifilisGeorgia
85%
TokioJapón
85%
Sri jayawardenapura kotteSri lanka
85%
TaipeiTaiwan
85%
HanoiVietnam
85%
Pion yangCorea del norte
81%
Seúl/SeoulCorea del sur
81%
Nueva delhiIndia
81%
JerusalénIsrael
81%
VientianLaos
81%
Ulam batorMongolia
81%
IslamabadPakistan
81%
Moscú/moscowRusia
81%
DamascoSiria
81%
BankokTailandia
81%
DiliTimor oriental
81%
RiadArabia saudí
78%
DaccaBangladés
78%
TimbuBután
78%
Nom PenCamboya
78%
DohaCatar
78%
Abu dabiEmiratos ärabes unidos
78%
YakartaIndonesia
78%
BagdadIrak
78%
TeheránIran
78%
Kuala LumpurMalasia
78%
MaléMaldivas
78%
KatmanduNepal
78%
SanáYemen
78%
ErevánArmenia
74%
BeirutLíbano
74%
MascateOman
74%
Bandar Seri BegawanBrunei
70%
AmmánJordania
70%
Astaná/NursultánKazajistán
70%
KuwaitKuwait
70%
BiskekKirguistán
67%
naipyidoMyanmar
67%
DusambéTayikistán
63%
AsjabadTurkmenistán
63%
TaskentUzbekistan
63%
ManamaBaréin
59%
BakúAzerbayán
56%

Distribución de puntuación

Porcentaje por número respondido

Porcentaje de gente con cada puntuación

Historial de tus puntuaciones

No has intentado esta prueba.